[Event "FRA-ch U20"]
[Site "Hyeres"]
[Date "2019.04.14"]
[Round "1"]
[White "Creff, Mathis"]
[Black "Eugene, Floryan"]
[Result "0-1"]
[WhiteElo "1752"]
[BlackElo "2294"]
[PlyCount "42"]
[EventDate "2019.04.14"]
[EventType "swiss"]
[EventRounds "9"]
[EventCountry "FRA"]
[SourceTitle "CBM 190 Extra"]
[Source "ChessBase"]
[SourceDate "2019.07.15"]
[SourceVersion "1"]
[SourceVersionDate "2019.07.15"]
[SourceQuality "1"]

1. e4 e5 2. Nf3 Nc6 3. d4 exd4 4. c3 d5 5. exd5 Qxd5 6. cxd4 Nf6 7. Nc3 Bb4 8. a3 Bxc3+ 9. bxc3 0-0 10. Be2 Ne4 11. Qc2 Re8 12. 0-0 Nxc3 13. Bd3 Ne4 14. Rb1 a6 15. Re1 Bf5 16. Be3 Nd6 17. Bxf5 Nxf5 18. Rxb7 Ncxd4 19. Qxc7 Nxf3+ 20. gxf3 Nh4 21. Rc1 Qxf3 0-1